=LDR 00000nam 2200000 4500 =001 INLIS000000000032807 =005 20130612134810 =008 ***********************************ind** =035 ##$$0010-061300000032807 =041 ##$$a ind =082 ##$$a F Rom D =090 ##$$a F Rom D, Hal v =100 ##$$a Halter, Marek =245 ##$$a Vergin Mary, Perawan Suci Maryam, Marek Halter;Penerjemah, Rini Badariah;Editor,Cecep Romli =260 ##$$a 2006 $b Jakarta =300 ##$$a 365 hlm, 23 cm =650 ##$$a Fiksi Dewasa =700 ##$$a Badariah, Rini =850 ##$$a NBPNMAT